Premeny univerzity v konkurenčných podmienkach EÚ

Exkluzívne interview redakcie IBC s rektorom EU v Bratislave prof. Ing. Vojtechom Kollárom, PhD o aktivitách EU v akademickom roku 2004/2005. Význam akreditačného procesu a ako ďaleko univerzita pokročila v príprave medzinárodnej akreditácie. Internacionalizácia vzdelávacích programov. Úloha uviesť...

ver descrição completa

Na minha lista:
Detalhes bibliográficos
Autor principal: Hvizdoš, Ladislav
Outros Autores: Kollár, Vojtech
Formato: Capítulo de Livro
Idioma:eslovaco
Assuntos:
Tags: Adicionar Tag
Sem tags, seja o primeiro a adicionar uma tag!

MARC

LEADER 00000naa$a2200000$$$4500
001 0023843
005 20240502071418.6
041 0 |a slo 
044 |a SK 
245 1 0 |a Premeny univerzity v konkurenčných podmienkach EÚ  |c Ladislav Hvizdoš, Vojtech Kollár 
520 |a Exkluzívne interview redakcie IBC s rektorom EU v Bratislave prof. Ing. Vojtechom Kollárom, PhD o aktivitách EU v akademickom roku 2004/2005. Význam akreditačného procesu a ako ďaleko univerzita pokročila v príprave medzinárodnej akreditácie. Internacionalizácia vzdelávacích programov. Úloha uviesť do vzdelávacieho procesu medzinárodné študijné programy pre inžinierske, resp. doktorandské štúdium. Zmeny v rozvoji informačných technológií. Zriadenie vnútorného marketingu. Pozornosť vedeckovýskumnej práci. 
610 2 0 |a Ekonomická univerzita v Bratislave 
610 2 0 |a vzdelávanie vysokoškolské 
610 2 0 |a internacionalizácia 
610 2 0 |a programy študijné 
610 2 0 |a technológie informačné 
610 2 0 |a akreditácia 
610 2 0 |a 2004-2005 
100 1 |a Hvizdoš, Ladislav 
700 1 |a Kollár, Vojtech